00766cam a22002173a 45000010005000000030006000050050017000110080041000280400015000690420007000840500009000911000032001002450193001322600029003255060030003545160020003846530054004046530021004588300028004798560041005079949PGUSA20140828083218.0060201s2006||||xxu|||||s|||||000 | eng d aPGUSAbeng adc 4aF5161 aNowlin, William,d1821-188414aThe Bark Covered House :bOr, Back In the Woods Again; Being a Graphic and Thrilling Description of Real Pioneer Life in the Wilderness of Michiganh[electronic resource] /cWilliam Nowlin bProject Gutenberg,c2006 aPublic domain in the USA. aElectronic text aFrontier and pioneer life -- Michigan -- Dearborn aDearborn (Mich.) 0aProject Gutenbergv994940uhttp://www.gutenberg.org/ebooks/9949